Top 20 Montagne più alte del Mondo - Statistics

Statistiche generali
  • Questo quiz è stato fatto 283 volte
  • Il punteggio medio è 5 su 20
Statistiche sulle risposte
Altitudine (m) Nazione Montagna % Corretto
8 848 Nepal, Cina Everest
98%
8 611 Pakistan, Cina K2
94%
8 125 Pakistan Nanga Parbat
37%
8 201 Nepal, Cina Cho Oyu
23%
8 516 Nepal, Cina Lhotse
23%
8 463 Nepal, Cina Makalu
21%
8 163 Nepal Manaslu
21%
8 068 Pakistan, Cina Gasherbrum I
20%
8 047 Pakistan, Cina Broad Peak
19%
8 035 Pakistan, Cina Gasherbrum II
19%
8 091 Nepal Annapurna I
18%
8 027 Cina Shishapangma
17%
7 937 Nepal Annapurna II
12%
8 167 Nepal Dhaulagiri I
12%
7 893 Nepal Himalchuli
12%
8 586 Napel, India Kangchenjunga
11%
7 952 Pakistan, Cina Gasherbrum III
7%
7 925 Pakistan Gasherbrum IV
7%
7 885 Pakistan Disteghil Sar
2%
7 952 Nepal, Cina Gyachung Kang
2%
Nessun quiz corrispondente trovato
Distribuzione punteggi
Percentuale di utenti per punteggio
Percentile per numero di risposta
I tuoi punteggi nel tempo
Non hai fatto questo quiz